Kliknij państwa świata na mapie bez granic #3 - Statystyki

Ogólne statystyki
  • Ten quiz został rozwiązany 7 996 razy
  • Średni wynik to 11 z 25
Odpowiedzi na mapie
Odpowiedzi zakodowano w zielono-czerwonej skali na mapie do tego quizu, zgodnie z poniższymi procentami.
 
Statystyki odpowiedzi
Odpowiedź % Poprawnych
Hiszpania
96%
Stany Zjednoczone
96%
Madagaskar
89%
Korea Południowa
85%
Włochy
82%
Filipiny
75%
Kolumbia
72%
Tunezja
70%
Cypr
53%
Bangladesz
48%
Angola
42%
Dominikana
41%
Oman
34%
Sudan
29%
Urugwaj
28%
Ukraina
27%
Singapur
26%
Wielka Brytania
25%
Mikronezja
22%
Mjanma
22%
Azerbejdżan
17%
Tanzania
17%
Antigua i Barbuda
16%
Vanuatu
16%
Grenada
13%
Nie znaleziono quizów pasujących do podanych kryteriów
Rozkład punktacji
Procent ludzi z każdym wynikiem
Percentyl według liczby udzielonych odpowiedzi
Twoja historia wyników
Nie rozwiązałeś tego quizu